[Event "Pobeskydi 2026"]
[Site "Frydek-Mistek, Czech Republic"]
[Date "2026.04.05"]
[Round "7.10"]
[White "Brousek, Jiri"]
[Black "Buchtova, Viktorie"]
[Result "0-1"]
[TimeControl "90 min+30s/move"]
[WhiteTitle "-"]
[BlackTitle "-"]
[WhiteFideId "314021"]
[BlackFideId "23714786"]
[WhiteElo "1915"]
[BlackElo "2055"]

1. d4 {[%clk 01:30:51]} {[%emt 00:00:08]} Nf6 {[%clk 01:30:58]} {[%emt
00:00:03]} 2. Nf3 {[%clk 01:31:08]} {[%emt 00:00:12]} e6 {[%clk 01:31:20]}
{[%emt 00:00:09]} 3. e3 {[%clk 01:31:28]} {[%emt 00:00:09]} d5 {[%clk
01:31:45]} {[%emt 00:00:06]} 4. Bd3 {[%clk 01:31:50]} {[%emt 00:00:08]} c5
{[%clk 01:32:03]} {[%emt 00:00:12]} 5. b3 {[%clk 01:32:12]} {[%emt 00:00:08]}
Nc6 {[%clk 01:32:24]} {[%emt 00:00:10]} 6. Bb2 {[%clk 01:32:33]} {[%emt
00:00:08]} b6 {[%clk 01:32:38]} {[%emt 00:00:17]} 7. Nbd2 {[%clk 01:32:46]}
{[%emt 00:00:16]} Bb7 {[%clk 01:32:33]} {[%emt 00:00:35]} 8. O-O {[%clk
01:32:58]} {[%emt 00:00:17]} Rc8 {[%clk 01:32:16]} {[%emt 00:00:48]} 9. a3
{[%clk 01:33:16]} {[%emt 00:00:12]} cxd4 {[%clk 01:32:34]} {[%emt 00:00:13]} 10.
exd4 {[%clk 01:33:36]} {[%emt 00:00:08]} g6 {[%clk 01:32:26]} {[%emt 00:00:39]}
11. Ne5 {[%clk 01:33:16]} {[%emt 00:00:50]} Bg7 {[%clk 01:32:19]} {[%emt
00:00:37]} 12. f4 {[%clk 01:32:40]} {[%emt 00:01:06]} O-O {[%clk 01:32:13]}
{[%emt 00:00:35]} 13. Qe2 {[%clk 01:30:12]} {[%emt 00:02:58]} Ne7 {[%clk
01:31:26]} {[%emt 00:01:18]} 14. g4 {[%clk 01:29:04]} {[%emt 00:01:37]} Qc7
{[%clk 01:24:59]} {[%emt 00:06:58]} 15. Rf2 {[%clk 01:24:14]} {[%emt 00:05:19]}
Ne8 {[%clk 01:10:18]} {[%emt 00:15:12]} 16. Qe3 {[%clk 01:13:55]} {[%emt
00:10:49]} Nd6 {[%clk 01:07:11]} {[%emt 00:03:38]} 17. Raf1 {[%clk 01:07:05]}
{[%emt 00:07:18]} f5 {[%clk 01:00:20]} {[%emt 00:07:21]} 18. Ndf3 {[%clk
00:59:35]} {[%emt 00:07:59]} Ne4 {[%clk 00:53:35]} {[%emt 00:07:16]} 19. Ng5
{[%clk 00:56:16]} {[%emt 00:03:49]} Bxe5 {[%clk 00:46:07]} {[%emt 00:07:59]} 20.
Bxe4 {[%clk 00:54:30]} {[%emt 00:02:16]} dxe4 {[%clk 00:44:45]} {[%emt
00:01:52]} 21. fxe5 {[%clk 00:46:44]} {[%emt 00:08:15]} Nd5 {[%clk 00:39:05]}
{[%emt 00:06:11]} 22. Qh3 {[%clk 00:43:03]} {[%emt 00:04:11]} Qe7 {[%clk
00:37:59]} {[%emt 00:01:36]} 23. Bc1 {[%clk 00:36:59]} {[%emt 00:06:34]} e3
{[%clk 00:22:31]} {[%emt 00:15:58]} 24. Bxe3 {[%clk 00:34:44]} {[%emt
00:02:44]} Rc3 {[%clk 00:21:13]} {[%emt 00:01:48]} 25. Rf3 {[%clk 00:29:52]}
{[%emt 00:05:22]} Rxc2 {[%clk 00:20:31]} {[%emt 00:01:13]} 26. gxf5 {[%clk
00:15:27]} {[%emt 00:14:55]} exf5 {[%clk 00:19:26]} {[%emt 00:01:35]} 27. R3f2
{[%clk 00:11:27]} {[%emt 00:04:30]} Rxf2 {[%clk 00:16:29]} {[%emt 00:03:26]} 28.
Rxf2 {[%clk 00:11:11]} {[%emt 00:00:47]} Nxe3 {[%clk 00:16:49]} {[%emt
00:00:10]} 29. Qxe3 {[%clk 00:11:27]} {[%emt 00:00:14]} f4 {[%clk 00:16:57]}
{[%emt 00:00:22]} 0-1

[Event "Pobeskydi 2026"]
[Site "Frydek-Mistek, Czech Republic"]
[Date "2026.04.05"]
[Round "7.11"]
[White "Slamecka, David"]
[Black "Trybus, Daniel"]
[Result "0-1"]
[TimeControl "90 min+30s/move"]
[WhiteTitle "-"]
[BlackTitle "-"]
[WhiteFideId "23761849"]
[BlackFideId "21816131"]
[WhiteElo "1906"]
[BlackElo "2055"]

1. d4 {[%clk 01:30:53]} {[%emt 00:00:06]} Nf6 {[%clk 01:29:05]} {[%emt
00:01:56]} 2. Bg5 {[%clk 01:31:03]} {[%emt 00:00:20]} Nc6 {[%clk 01:29:13]}
{[%emt 00:00:22]} 3. Bxf6 {[%clk 01:29:33]} {[%emt 00:02:00]} gxf6 {[%clk
01:29:04]} {[%emt 00:00:39]} 4. d5 {[%clk 01:29:16]} {[%emt 00:00:47]} Nb8
{[%clk 01:29:18]} {[%emt 00:00:17]} 5. e4 {[%clk 01:28:08]} {[%emt 00:01:38]}
e5 {[%clk 01:29:39]} {[%emt 00:00:09]} 6. Nd2 {[%clk 01:23:08]} {[%emt
00:05:29]} d6 {[%clk 01:29:46]} {[%emt 00:00:23]} 7. Bd3 {[%clk 01:21:38]}
{[%emt 00:02:00]} c6 {[%clk 01:29:31]} {[%emt 00:00:45]} 8. c4 {[%clk
01:20:23]} {[%emt 00:01:45]} Rg8 {[%clk 01:23:00]} {[%emt 00:07:01]} 9. g3
{[%clk 01:17:36]} {[%emt 00:03:17]} Na6 {[%clk 01:22:29]} {[%emt 00:01:02]} 10.
Nb3 {[%clk 01:16:05]} {[%emt 00:01:59]} Bh6 {[%clk 01:21:06]} {[%emt 00:01:54]}
11. h3 {[%clk 01:08:14]} {[%emt 00:08:21]} Nb4 {[%clk 01:17:25]} {[%emt
00:04:12]} 12. Ne2 {[%clk 01:07:36]} {[%emt 00:01:06]} c5 {[%clk 01:15:41]}
{[%emt 00:02:15]} 13. g4 {[%clk 01:00:13]} {[%emt 00:07:53]} f5 {[%clk
01:06:17]} {[%emt 00:09:54]} 14. exf5 {[%clk 00:58:37]} {[%emt 00:02:06]} Nxd3+
{[%clk 01:04:31]} {[%emt 00:02:17]} 15. Qxd3 {[%clk 00:55:32]} {[%emt
00:03:34]} b5 {[%clk 01:02:28]} {[%emt 00:02:34]} 16. Ng3 {[%clk 00:45:38]}
{[%emt 00:10:23]} bxc4 {[%clk 00:59:41]} {[%emt 00:03:18]} 17. Qxc4 {[%clk
00:45:22]} {[%emt 00:00:45]} Qb6 {[%clk 00:54:05]} {[%emt 00:06:06]} 18. Ne4
{[%clk 00:43:15]} {[%emt 00:02:37]} Ke7 {[%clk 00:52:47]} {[%emt 00:01:49]} 19.
Qa4 {[%clk 00:32:31]} {[%emt 00:11:14]} Rb8 {[%clk 00:50:34]} {[%emt 00:02:42]}
20. f6+ {[%clk 00:28:42]} {[%emt 00:04:19]} Kf8 {[%clk 00:50:47]} {[%emt
00:00:17]} 21. Qa5 {[%clk 00:27:16]} {[%emt 00:01:57]} Ba6 {[%clk 00:49:16]}
{[%emt 00:02:01]} 22. Ned2 {[%clk 00:16:45]} {[%emt 00:11:00]} Rg6 {[%clk
00:37:57]} {[%emt 00:11:51]} 23. Qa4 {[%clk 00:11:54]} {[%emt 00:05:16]} Rxf6
{[%clk 00:36:14]} {[%emt 00:02:18]} 24. Qe4 {[%clk 00:11:58]} {[%emt 00:00:25]}
c4 {[%clk 00:35:08]} {[%emt 00:01:37]} 25. Nxc4 {[%clk 00:10:04]} {[%emt
00:02:24]} Qxf2+ {[%clk 00:34:43]} {[%emt 00:00:55]} 26. Kd1 {[%clk 00:10:31]}
{[%emt 00:00:02]} Rf4 {[%clk 00:34:34]} {[%emt 00:00:39]} 0-1

[Event "Pobeskydi 2026"]
[Site "?"]
[Date "2026.04.05"]
[Round "7.12"]
[White "Chubar, Vladimir"]
[Black "Durovka, Marek"]
[Result "1-0"]
[WhiteElo "1885"]
[BlackElo "2054"]
[WhiteFideId "-1"]
[BlackFideId "-1"]
[PlyCount "79"]
[GameId "2295564356214952"]
[EventDate "2026.04.02"]

1. Nf3 d5 2. d4 Nf6 3. g3 Bf5 4. Bg2 e6 5. O-O Be7 6. c4 O-O 7. Qb3 Qc8 8. Nc3 c6 9. Nh4 Bg6 10. Nxg6 hxg6 11. Bg5 dxc4 12. Qxc4 Nbd7 13. e4 Re8 14. Rac1 Nb6 15. Qb3 Qd7 16. Rfd1 Red8 17. a4 Ne8 18. Be3 Nd6 19. d5 cxd5 20. Bxb6 axb6 21. exd5 e5 22. Qxb6 Bg5 23. Rc2 Rdc8 24. h4 Bd8 25. Qb3 Rc4 26. Bf1 Rc5 27. Qb4 Rac8 28. Kh2 Ba5 29. Qb3 Qc7 30. Bh3 Re8 31. Rdc1 b6 32. Nb5 Nxb5 33. Rxc5 bxc5 34. Qxb5 Rb8 35. d6 Qd8 36. Qxc5 Rxb2 37. d7 Bb6 38. Qc8 Rxf2+ 39. Kh1 Kf8 40. a5 1-0

[Event "Pobeskydi 2026"]
[Site "?"]
[Date "2026.04.05"]
[Round "7.13"]
[White "Lorenc, Matej"]
[Black "Kendall, Arthur"]
[Result "0-1"]
[WhiteElo "1858"]
[BlackElo "2032"]
[WhiteFideId "-1"]
[BlackFideId "-1"]
[PlyCount "98"]
[GameId "2295565255196861"]
[EventDate "2026.04.02"]

1. e4 e6 2. d4 d5 3. Nd2 dxe4 4. Nxe4 Nd7 5. Nf3 Ngf6 6. Bd3 Nxe4 7. Bxe4 Nf6 8. Bg5 Be7 9. Bxf6 Bxf6 10. c3 O-O 11. Qc2 h6 12. O-O-O Qd6 13. Kb1 Rb8 14. h4 g6 15. Qd2 Bg7 16. h5 f5 17. Bc2 g5 18. Rhe1 Bd7 19. Ne5 Be8 20. Qe2 Bxe5 21. dxe5 Qe7 22. Bb3 Bc6 23. f3 Rbd8 24. Rxd8 Rxd8 25. Rd1 Rxd1+ 26. Qxd1 Qd7 27. Qe2 a6 28. Kc1 Bb5 29. Qe3 Kf7 30. Qd4 Qxd4 31. cxd4 f4 32. Kd2 Bf1 33. g4 fxg3 34. Ke3 c6 35. Bc2 Ke7 36. b4 Bc4 37. a4 a5 38. bxa5 Kd7 39. a6 Bxa6 40. a5 Bc4 41. Be4 Kc7 42. f4 gxf4+ 43. Kxf4 Bd5 44. Bxd5 cxd5 45. Kxg3 Kc6 46. Kf2 Kb5 47. Ke2 Kxa5 48. Kd3 Kb4 49. Kd2 Kc4 0-1

[Event "Pobeskydi 2026"]
[Site "?"]
[Date "2026.04.05"]
[Round "7.14"]
[White "Srnak, Martin"]
[Black "Haasova, Timea"]
[Result "0-1"]
[WhiteElo "1837"]
[BlackElo "2012"]
[WhiteFideId "-1"]
[BlackFideId "-1"]
[PlyCount "52"]
[GameId "2295566145605844"]
[EventDate "2026.04.02"]

1. d4 d5 2. c4 c6 3. cxd5 cxd5 4. Nc3 e6 5. Bf4 Nc6 6. e3 a6 7. a3 Nf6 8. Bd3 Bd6 9. Bxd6 Qxd6 10. Nf3 b5 11. b4 Bb7 12. O-O O-O 13. Nd2 e5 14. dxe5 Nxe5 15. Nf3 Rac8 16. Rc1 Rc7 17. Nxe5 Qxe5 18. Ne2 Rxc1 19. Qxc1 Rc8 20. Qd2 Ng4 21. Ng3 Rc3 22. h3 Nf6 23. Qb2 d4 24. exd4 Qd5 25. Be4 Nxe4 26. Re1 Nf6 0-1

[Event "Pobeskydi 2026"]
[Site "?"]
[Date "2026.04.05"]
[Round "7.15"]
[White "Szuszkiewicz, Stanislaw"]
[Black "Lee, Yuk Hei"]
[Result "0-1"]
[WhiteElo "1612"]
[BlackElo "1960"]
[WhiteFideId "-1"]
[BlackFideId "-1"]
[PlyCount "72"]
[GameId "2295563627380883"]
[EventDate "2026.04.02"]

1. e4 c5 2. Nf3 Nc6 3. d4 cxd4 4. Nxd4 e6 5. Nc3 Nf6 6. Ndb5 d6 7. Bf4 e5 8. Bg5 a6 9. Na3 b5 10. Nd5 Be7 11. Bxf6 Bxf6 12. c3 Bg5 13. Nc2 O-O 14. Nce3 Be6 15. Be2 Bxe3 16. Nxe3 Ne7 17. a4 bxa4 18. Rxa4 Qb6 19. Qd2 Qc6 20. Ra1 Ra7 21. f3 d5 22. exd5 Nxd5 23. Nxd5 Bxd5 24. O-O Qb6+ 25. Kh1 Bb3 26. Qg5 f6 27. Qh4 a5 28. Bc4+ Kh8 29. Bd3 f5 30. Rfe1 Rd7 31. Bc4 g5 32. Qxg5 Bxc4 33. Rxe5 Qxb2 34. Rae1 Rg7 35. Re8 Rxg5 36. Rxf8+ Kg7 0-1

[Event "Pobeskydi 2026"]
[Site "Frydek-Mistek, Czech Republic"]
[Date "2026.04.05"]
[Round "8.1"]
[White "Gnojek, Petr"]
[Black "Walek, Petr"]
[Result "1/2-1/2"]
[TimeControl "90 min+30s/move"]
[WhiteTitle "-"]
[BlackTitle "-"]
[WhiteFideId "371807"]
[BlackFideId "339393"]
[WhiteElo "2401"]
[BlackElo "2304"]

1. d4 {[%clk 01:30:56]} {[%emt 00:00:04]} e6 {[%clk 01:30:51]} {[%emt
00:00:08]} 2. c4 {[%clk 01:31:17]} {[%emt 00:00:09]} b6 {[%clk 01:31:02]}
{[%emt 00:00:20]} 3. Nc3 {[%clk 01:30:50]} {[%emt 00:00:56]} Bb4 {[%clk
01:31:08]} {[%emt 00:00:26]} 4. Bd2 {[%clk 01:31:07]} {[%emt 00:00:12]} Bb7
{[%clk 01:30:30]} {[%emt 00:01:08]} 5. Nf3 {[%clk 01:31:16]} {[%emt 00:00:21]}
Nf6 {[%clk 01:30:23]} {[%emt 00:00:37]} 6. e3 {[%clk 01:31:29]} {[%emt
00:00:17]} Bxc3 {[%clk 01:30:18]} {[%emt 00:00:36]} 7. Bxc3 {[%clk 01:31:53]}
{[%emt 00:00:06]} Ne4 {[%clk 01:30:41]} {[%emt 00:00:07]} 8. Rc1 {[%clk
01:29:15]} {[%emt 00:03:09]} O-O {[%clk 01:31:00]} {[%emt 00:00:09]} 9. Be2
{[%clk 01:29:07]} {[%emt 00:00:40]} d6 {[%clk 01:28:49]} {[%emt 00:02:41]} 10.
O-O {[%clk 01:28:55]} {[%emt 00:00:40]} Nxc3 {[%clk 01:28:50]} {[%emt
00:00:30]} 11. Rxc3 {[%clk 01:29:19]} {[%emt 00:00:06]} Nd7 {[%clk 01:28:34]}
{[%emt 00:00:46]} 12. Nd2 {[%clk 01:19:07]} {[%emt 00:10:42]} Qf6 {[%clk
01:09:26]} {[%emt 00:19:38]} 13. Bf3 {[%clk 01:16:40]} {[%emt 00:02:58]} Bxf3
{[%clk 01:09:32]} {[%emt 00:00:24]} 14. Qxf3 {[%clk 01:16:16]} {[%emt
00:00:53]} Qxf3 {[%clk 01:09:37]} {[%emt 00:00:24]} 15. Nxf3 {[%clk 01:16:41]}
{[%emt 00:00:05]} a5 {[%clk 00:57:32]} {[%emt 00:12:37]} 16. Rd1 {[%clk
01:13:00]} {[%emt 00:04:11]} f6 {[%clk 00:52:39]} {[%emt 00:05:24]} 17. Nd2
{[%clk 01:02:23]} {[%emt 00:11:06]} Rfe8 {[%clk 00:49:49]} {[%emt 00:03:20]} 18.
Nb1 {[%clk 01:02:36]} {[%emt 00:00:17]} e5 {[%clk 00:43:38]} {[%emt 00:06:41]}
19. Na3 {[%clk 00:56:56]} {[%emt 00:06:10]} exd4 {[%clk 00:42:26]} {[%emt
00:01:43]} 20. Rxd4 {[%clk 00:57:21]} {[%emt 00:00:04]} Nc5 {[%clk 00:37:47]}
{[%emt 00:05:09]} 21. Nb5 {[%clk 00:57:43]} {[%emt 00:00:08]} Na6 {[%clk
00:37:32]} {[%emt 00:00:45]} 22. g4 {[%clk 00:51:05]} {[%emt 00:07:08]} Kf7
{[%clk 00:33:52]} {[%emt 00:04:10]} 23. Kg2 {[%clk 00:51:02]} {[%emt 00:00:33]}
Ke7 {[%clk 00:33:25]} {[%emt 00:00:56]} 24. h4 {[%clk 00:46:31]} {[%emt
00:05:02]} Kd7 {[%clk 00:31:01]} {[%emt 00:02:55]} 25. Rf4 {[%clk 00:46:29]}
{[%emt 00:00:30]} Re5 {[%clk 00:27:41]} {[%emt 00:03:51]} 26. Nd4 {[%clk
00:35:31]} {[%emt 00:11:28]} Nb4 {[%clk 00:24:06]} {[%emt 00:04:06]} 27. a3
{[%clk 00:35:39]} {[%emt 00:00:22]} Nc6 {[%clk 00:24:28]} {[%emt 00:00:07]} 28.
Nf5 {[%clk 00:30:32]} {[%emt 00:05:36]} Ne7 {[%clk 00:24:27]} {[%emt 00:00:31]}
29. Nxe7 {[%clk 00:24:06]} {[%emt 00:06:56]} Kxe7 {[%clk 00:24:40]} {[%emt
00:00:17]} 30. b3 {[%clk 00:24:30]} {[%emt 00:00:07]} h5 {[%clk 00:24:14]}
{[%emt 00:00:56]} 31. gxh5 {[%clk 00:24:55]} {[%emt 00:00:05]} Rxh5 {[%clk
00:21:28]} {[%emt 00:03:16]} 32. Rg4 {[%clk 00:21:48]} {[%emt 00:03:37]} Kf7
{[%clk 00:20:36]} {[%emt 00:01:21]} 33. Kg3 {[%clk 00:21:48]} {[%emt 00:00:30]}
Re8 {[%clk 00:17:10]} {[%emt 00:03:57]} 34. Rc1 {[%clk 00:18:48]} {[%emt
00:03:30]} Ree5 {[%clk 00:13:44]} {[%emt 00:03:56]} 35. b4 {[%clk 00:17:07]}
{[%emt 00:02:11]} g5 {[%clk 00:11:42]} {[%emt 00:02:33]} 36. hxg5 {[%clk
00:16:35]} {[%emt 00:01:02]} Rexg5 {[%clk 00:12:01]} {[%emt 00:00:11]} 37. Rxg5
{[%clk 00:15:19]} {[%emt 00:01:46]} Rxg5+ {[%clk 00:12:30]} 38. Kf4 {[%clk
00:15:02]} {[%emt 00:00:47]} Ke6 {[%clk 00:09:06]} {[%emt 00:03:53]} 39. Ke4
{[%clk 00:15:14]} {[%emt 00:00:17]} axb4 {[%emt 00:04:09]} 1/2-1/2

[Event "Pobeskydi 2026"]
[Site "Frydek-Mistek, Czech Republic"]
[Date "2026.04.05"]
[Round "8.2"]
[White "Vanek, Martin"]
[Black "Karas, Marek"]
[Result "0-1"]
[TimeControl "90 min+30s/move"]
[WhiteTitle "-"]
[BlackTitle "-"]
[WhiteFideId "23769238"]
[BlackFideId "14928558"]
[WhiteElo "1905"]
[BlackElo "2232"]

1. d4 {[%clk 01:30:57]} Nf6 {[%clk 01:30:39]} {[%emt 00:00:21]} 2. c4 {[%clk
01:31:22]} {[%emt 00:00:06]} e6 {[%clk 01:30:57]} {[%emt 00:00:11]} 3. Nf3
{[%clk 01:31:45]} {[%emt 00:00:07]} Bb4+ {[%clk 01:26:29]} {[%emt 00:04:58]} 4.
Bd2 {[%clk 01:29:15]} {[%emt 00:03:01]} c5 {[%clk 01:26:34]} {[%emt 00:00:24]}
5. Bxb4 {[%clk 01:20:45]} {[%emt 00:09:01]} cxb4 {[%clk 01:27:00]} {[%emt
00:00:03]} 6. g3 {[%clk 01:19:48]} {[%emt 00:01:28]} b6 {[%clk 01:25:32]}
{[%emt 00:01:58]} 7. Bg2 {[%clk 01:18:37]} {[%emt 00:01:41]} Bb7 {[%clk
01:25:50]} {[%emt 00:00:12]} 8. O-O {[%clk 01:16:47]} {[%emt 00:02:20]} O-O
{[%clk 01:25:59]} {[%emt 00:00:21]} 9. a3 {[%clk 01:10:51]} {[%emt 00:06:26]}
bxa3 {[%clk 01:21:28]} {[%emt 00:04:59]} 10. Rxa3 {[%clk 01:09:40]} {[%emt
00:01:42]} Qc7 {[%clk 01:18:49]} {[%emt 00:03:09]} 11. b3 {[%clk 01:03:44]}
{[%emt 00:06:27]} d5 {[%clk 01:16:06]} {[%emt 00:03:12]} 12. Nbd2 {[%clk
00:57:57]} {[%emt 00:06:18]} Nc6 {[%clk 01:09:30]} {[%emt 00:07:05]} 13. Qb1
{[%clk 00:50:29]} {[%emt 00:07:58]} Qe7 {[%clk 01:08:06]} {[%emt 00:01:53]} 14.
Ra1 {[%clk 00:47:27]} {[%emt 00:03:33]} Rfd8 {[%clk 01:04:31]} {[%emt
00:04:06]} 15. e3 {[%clk 00:45:33]} {[%emt 00:02:23]} e5 {[%clk 01:00:47]}
{[%emt 00:04:14]} 16. dxe5 {[%clk 00:39:08]} {[%emt 00:06:56]} Nxe5 {[%clk
00:59:30]} {[%emt 00:01:47]} 17. Nxe5 {[%clk 00:37:49]} {[%emt 00:01:48]} Qxe5
{[%clk 00:59:58]} {[%emt 00:00:02]} 18. Rd1 {[%clk 00:31:58]} {[%emt 00:06:22]}
Qe7 {[%clk 00:57:41]} {[%emt 00:02:44]} 19. Qb2 {[%clk 00:29:08]} {[%emt
00:03:22]} dxc4 {[%clk 00:52:52]} {[%emt 00:05:20]} 20. Bxb7 {[%clk 00:25:02]}
{[%emt 00:04:36]} Qxb7 {[%clk 00:47:27]} {[%emt 00:05:54]} 21. Nxc4 {[%clk
00:24:23]} {[%emt 00:01:09]} h5 {[%clk 00:44:25]} {[%emt 00:03:33]} 22. Rd4
{[%clk 00:19:34]} {[%emt 00:05:19]} Ne4 {[%clk 00:42:25]} {[%emt 00:02:29]} 23.
h4 {[%clk 00:16:45]} {[%emt 00:03:19]} Nc5 {[%clk 00:39:52]} {[%emt 00:03:03]}
24. Rad1 {[%clk 00:15:24]} {[%emt 00:01:52]} Qe7 {[%clk 00:39:13]} {[%emt
00:01:09]} 25. b4 {[%clk 00:13:30]} {[%emt 00:02:24]} Ne6 {[%clk 00:39:18]}
{[%emt 00:00:24]} 26. Rxd8+ {[%clk 00:12:37]} {[%emt 00:01:24]} Rxd8 {[%clk
00:39:47]} {[%emt 00:00:02]} 27. Rxd8+ {[%clk 00:12:19]} {[%emt 00:00:47]} Qxd8
{[%clk 00:40:15]} 28. Ne5 {[%clk 00:11:04]} {[%emt 00:01:45]} Qd5 {[%clk
00:36:39]} {[%emt 00:04:06]} 29. b5 {[%clk 00:09:26]} {[%emt 00:02:10]} Nc7
{[%clk 00:34:42]} {[%emt 00:02:23]} 30. Nc6 {[%clk 00:07:30]} {[%emt 00:02:29]}
Qxb5 {[%clk 00:34:44]} {[%emt 00:00:27]} 31. Qc2 {[%clk 00:07:09]} {[%emt
00:00:51]} Ne6 {[%clk 00:29:26]} {[%emt 00:05:48]} 32. Nxa7 {[%clk 00:07:08]}
{[%emt 00:00:31]} Qd7 {[%clk 00:27:09]} {[%emt 00:02:47]} 33. Nc6 {[%clk
00:06:37]} {[%emt 00:01:01]} g6 {[%clk 00:26:30]} {[%emt 00:01:09]} 34. Qc4
{[%clk 00:05:15]} {[%emt 00:01:52]} Qd6 {[%clk 00:25:51]} {[%emt 00:01:08]} 35.
Nd4 {[%clk 00:03:10]} {[%emt 00:02:37]} Qc5 {[%clk 00:23:40]} {[%emt 00:02:41]}
36. Qd3 {[%clk 00:03:30]} {[%emt 00:00:10]} Nc7 {[%clk 00:22:39]} {[%emt
00:01:31]} 37. Nb3 {[%clk 00:02:52]} {[%emt 00:01:08]} Qd5 {[%clk 00:22:23]}
{[%emt 00:00:46]} 38. Qc3 {[%clk 00:02:32]} {[%emt 00:00:51]} Qd6 {[%clk
00:20:42]} {[%emt 00:02:11]} 39. Nd4 {[%clk 00:01:54]} {[%emt 00:01:08]} b5
{[%clk 00:19:38]} {[%emt 00:01:34]} 40. Qb3 {[%clk 00:01:41]} {[%emt 00:00:43]}
Qc5 {[%clk 00:19:05]} {[%emt 00:01:03]} 41. Kh2 {[%clk 00:01:01]} {[%emt
00:01:10]} b4 {[%clk 00:18:50]} {[%emt 00:00:46]} 42. Nc2 {[%clk 00:00:53]}
{[%emt 00:00:37]} Nd5 {[%clk 00:18:43]} {[%emt 00:00:36]} 43. Nd4 {[%clk
00:01:10]} {[%emt 00:00:14]} Nf6 {[%clk 00:17:00]} {[%emt 00:02:13]} 44. Qd3
{[%clk 00:01:08]} {[%emt 00:00:33]} Ng4+ {[%clk 00:17:10]} {[%emt 00:00:19]} 45.
Kg2 {[%clk 00:01:20]} {[%emt 00:00:18]} Qd5+ {[%clk 00:16:30]} {[%emt
00:01:11]} 46. Kg1 {[%clk 00:01:35]} {[%emt 00:00:15]} Qa2 {[%clk 00:16:05]}
{[%emt 00:00:54]} 47. Qe2 {[%clk 00:00:34]} {[%emt 00:01:31]} Qb1+ {[%clk
00:14:08]} {[%emt 00:02:27]} 48. Kg2 {[%clk 00:00:57]} {[%emt 00:00:07]} b3
{[%clk 00:14:14]} {[%emt 00:00:25]} 49. Nxb3 {[%clk 00:00:40]} {[%emt
00:00:46]} Qxb3 {[%clk 00:14:40]} {[%emt 00:00:04]} 50. e4 {[%clk 00:00:46]}
{[%emt 00:00:25]} Qb6 {[%clk 00:14:28]} {[%emt 00:00:41]} 51. Qc2 {[%clk
00:00:48]} {[%emt 00:00:28]} Qd4 {[%clk 00:14:31]} {[%emt 00:00:26]} 52. Qe2
{[%clk 00:00:58]} {[%emt 00:00:21]} Ne5 {[%clk 00:14:26]} {[%emt 00:00:36]} 53.
Qc2 {[%clk 00:00:43]} {[%emt 00:00:45]} Kg7 {[%clk 00:13:59]} {[%emt 00:00:56]}
54. Qb1 {[%clk 00:00:48]} {[%emt 00:00:25]} Nd3 {[%clk 00:14:08]} {[%emt
00:00:21]} 0-1